000 00615cam a22002052 4500
001 0000003463
005 20151217155822.0
008 070507s xx 000 0 eng d
020 _cKES 900
040 _aKABU
_cKABU
050 0 _aKSK70
_b.S77
110 2 _aStrathmore University.
_bDistance Learning Centre.
_@0000150769
245 1 0 _aLaw I :
_bSubject no. 2 revision kit.
260 _aNairobi :
_bS. U. P,
_c2006.
300 _axvii, 204 p.
650 0 _aLaw
_zKenya.
_xExaminations, questions, etc.
_@0000153412
908 _a070507
950 _@1
999 _c12846
_d12846